000
00458nam a2200181Ia 4500
008
090123s9999 xx 000 0 und d
082
_b
16441
100
_a
नंदा गुलशन
245
_a
रुपमती
250
_a
0
260
_b
अशोक
300
_a
214
600
_a
नंदा गुलशन
630
_a
रुपमती
700
_a
नंदा गुलशन
730
_a
रुपमती
942
_c
BOOK
999
_c
54505
_d
54505